Siyasal partiler ve seçim hukuku ile seçim suçları (Record no. 7852)

MARC details
000 -BAŞLIK
Sabit Uzunlukta Kontrol Alanı 01100na a2200325 4500
001 - KONTROL NUMARASI
Denetim Alanı 16766
003 - KONTROL NUMARASI IDENTIFIER
Denetim Alanı MIRAKIL
005 - SON İŞLEM TARİHİ VE ZAMANI
Denetim Alanı 20181213155151.0
008 - SABİT-BOY VERİ ELEMANLARI - GENEL BİLGİLER
Sabit Uzunlukta Kontrol Alanı 161013b tu 000 0
020 ## - ULUSLARARASI STANDART KİTAP NUMARASI
Uluslararası Standart Kitap Numarası 9799759408120
035 ## - SİSTEM KONTROL NUMARASI
Sistem Kontrol Numarası 16766
040 ## - KATALOGLAMA KAYNAK
Orijinal Kataloglama Ajansı Milas
Kataloglama Dili tur
Metne Dönüştürmek Ajansı TR-AnCHP
041 ## - DİL KODU
Metin / Ses Parça Veya Ayrı Başlığın Dil Kodu tur
082 ## - DEWEY ONLU SINIFLANDIRMA NUMARASI
Sınıflandırma Numarası 342.07026
Ürün Numarası H27s 2002
090 ## - SINIFLAMA NUMARASI
Sınıflama Numarası 342.07026 H27s 2002
100 ## - ANA GİRİŞ - KİŞİSEL İSİM
Kişisel Ad Hatipoğlu, Muzaffer
245 ## - BAŞLIK TABLOSU
Başlık Siyasal partiler ve seçim hukuku ile seçim suçları
Sorumluluk Tablosu, Vb Muzaffer Hatipoğlu, Ali Parlar
260 ## - YAYIN, DAĞITIM, VB
Yayın, Dağıtım, Vb Yeri Ankara
Yayıncı, Dağıtıcı, Vs Adı [yayl.y.]
Yayın, Dağıtım, Vb Tarihi 2002
300 ## - FİZİKSEL TANIM
Kapsam liv, 1193 s.
Boyutlar 24 sm.
500 ## - GENEL NOT
Genel Not Eser adı başında: Açıklamalı-Gerekçeli-İçtihatlı
610 ## - KONU KATMA GİRİŞ - TOPLANTI ADI
Giriş Elemanı Olarak Kurumsal Ad Veya Yargı Alanı Adı TBMM
Genel Alt Bölüm Hukuk ve mevzuat
650 ## - KONU KATMA GİRİŞ - TOPİKAL DÖNEM
Topikal Süreli Veya Coğrafi Ad Giriş Elemanı Siyasal partiler
Genel Alt Bölümü Hukuk ve mevzuat
Coğrafi Alt Bölümü Türkiye
650 ## - KONU KATMA GİRİŞ - TOPİKAL DÖNEM
Topikal Süreli Veya Coğrafi Ad Giriş Elemanı Seçim kurulları
Genel Alt Bölümü Hukuk ve mevzuat
Coğrafi Alt Bölümü Türkiye
650 ## - KONU KATMA GİRİŞ - TOPİKAL DÖNEM
Topikal Süreli Veya Coğrafi Ad Giriş Elemanı Siyaset ve yönetim
Genel Alt Bölümü Seçimler
Kronolojik Alt Bölümü Türkiye
Coğrafi Alt Bölümü Hukuk ve mevzuat
650 ## - KONU KATMA GİRİŞ - TOPİKAL DÖNEM
Topikal Süreli Veya Coğrafi Ad Giriş Elemanı Anayasa Hukuku
Genel Alt Bölümü Siyasal haklar
Coğrafi Alt Bölümü Türkiye
650 ## - KONU KATMA GİRİŞ - TOPİKAL DÖNEM
Topikal Süreli Veya Coğrafi Ad Giriş Elemanı Anayasa ve İdare hukuku
Genel Alt Bölümü Seçim hukuku
Coğrafi Alt Bölümü Türkiye
700 ## - KATMA GİRİŞ - KİŞİSEL İSİM
Kişisel Ad Parlar, Ali
942 ## - EKLENDİ GİRİŞ ELEMANLARI (KOHA)
Sınıflandırma Veya Raf Düzeni Kaynak Dewey Decimal Classification
Koha Öğesi Türü Books
999 ## - SİSTEM KONTROL NUMARALARI (KOHA)
Koha Biblionumber 7852
Koha Biblioitemnumber 7852
657 ## - INDEX SÜRE - İŞLEVİ
-- Siyasi partiler kanunu
Holdings
Kalıcı Konum Mevcut Konum Edinme Tarihi Edinim Kaynak Toplam Check-Out'Lar Tam Çağrı Numarası Barkod Tarih Son Görülme İtibaren Geçerli Fiyatlar Koha Öğesi Türü Kopya Sayısı
CHP Kütüphanesi CHP Kütüphanesi 10/13/2016 Bağış   342.07026 H27s 2002 005299 10/13/2016 10/13/2016 Books  
CHP Kütüphanesi CHP Kütüphanesi 10/13/2016 Bağış   342.07026 H27s 2002 005300 10/13/2016 10/13/2016 Books k.2
CHP Kütüphanesi CHP Kütüphanesi 10/13/2016 Bağış   342.07026 H27s 2002 005301 10/13/2016 10/13/2016 Books k.3